| 000 | 01916nam a2200457Ii 4500 | ||
|---|---|---|---|
| 001 | DIGOLEJNK0393 | ||
| 003 | NyNyDIG | ||
| 006 | m o d | ||
| 007 | cr ||||||||||| | ||
| 008 | 220529s2018 cl o 000 0 spa d | ||
| 035 | _a(OCoLC)1335133020 | ||
| 040 |
_aDGITA _beng _erda _epn _cDGITA |
||
| 020 | _z9789563920383 | ||
| 043 | _ae-sp--- | ||
| 050 | 1 | 4 | _aKKT1600 ebook |
| 100 | 1 |
_aOssorio y Gallardo, Ángel, _d1873-1946, _eauthor. |
|
| 245 | 1 | 3 |
_aEl alma de la toga / _cAngel Ossorio y Gallardo ; introducción a la obra, David Efraín Misari Torpoco ; edición al cuidado de Carlos Antonio Agurto Gonzáles, Sonia Lidia Quequejana Mamani, Benigno Choque Cuenca. |
| 264 | 1 |
_aSantiago, Chile : _bEdiciones Olejnik, _c[2018] |
|
| 300 | _a1 online resource. | ||
| 336 |
_atext _btxt _2rdacontent |
||
| 337 |
_acomputer _bc _2rdamedia |
||
| 338 |
_aonline resource _bcr _2rdacarrier |
||
| 347 |
_atext file _2rdaft |
||
| 347 | _bPDF | ||
| 490 | 1 | _aBiblioteca de derecho procesal | |
| 588 | 0 | _aOnline resource; title from PDF title page (Digitalia, viewed May 29, 2022) | |
| 650 | 0 |
_aLawyers _zSpain. |
|
| 650 | 0 |
_aLegal ethics _zSpain. |
|
| 655 | 0 | _aElectronic books. | |
| 700 | 1 |
_aMisari Torpoco, David Efraín, _econtributor agent of text. |
|
| 700 | 1 |
_aAgurto Gonzáles, Carlos Antonio, _eeditor. |
|
| 700 | 1 |
_aQuequejana Mamani, Sonia Lidia, _eeditor. |
|
| 700 | 1 |
_aChoque Cuenca, Benigno, _eeditor. |
|
| 791 | 2 |
_aDigitalia (Firm), _edistributor. |
|
| 793 | 0 |
_gDigitalia eBook Collection: _aEdiciones Olejnik |
|
| 776 | 0 | 8 |
_iPrint version: _aOssorio y Gallardo, Ángel, 1873-1946. _tAlma de la toga. _bPrimera edición. _dSantiago, Chile : Ediciones Olejnik, 2018 _z9789563920383 |
| 830 | 0 | _aBiblioteca de derecho procesal (Ediciones Olejnik) | |
| 856 | 4 | 0 |
_3Digitalia Hispánica _uhttps://www.digitaliapublishing.com/a/105151/ |
| 910 | _aPremium collection: 2022 | ||
| 942 | _cRAA | ||
| 999 |
_c271093 _d271093 |
||